00975 2200349 4500001002100000005001500021035002000036007000300056040001700059245006800076250001200144300004700156020001800203041000800221082000800229084001400237090001800251264004100269336002100310337003000331338002300361650001700384850001000401008004100411100003300452504002500485990002300510990002300533990002300556990002300579990002300602INLIS00000000000575820260426120101 a0010-0322000002ta aSBPUPADbind1 aKybernology :bIlmu Pemerintahan Baru satu /cTaliziduhu Ndraha a.-cet.1 axxxviii,385 hal. :bilus. ;c23 cm x 15 cm a979-518-882-80 aind a320 a320 TAL k a342 IND a 9-6 a.--Jakarta :bPT Rineka Cipta,c2003 2rdacontentaTeks 2rdamediaaTanpa Perantara 2rdacarrieraVolume 4apemerintahan aPUPAD260426 0 0 aTaliziduhu NdrahaePengarang aBibliografi, hlm 385 a3113/Br/Arpus/2007 a3114/Br/Arpus/2007 a3115/Br/Arpus/2007 a3116/Br/Arpus/2007 a3117/Br/Arpus/2007